Responses for Show #7865 - Friday, November 16, 2018

2018 Teen Tournament semifinal game 3.

Contestants

[<< previous game]

Rohan Kapileshwari, a senior from Winston-Salem, North Carolina

Emma Arnold, a junior from Owings Mills, Maryland

Audrey Satchivi, a senior from Carmel, Indiana

[next game >>]

Jeopardy! Round responses

RAINY DAY P.E.
ALL ABOUT GERMANY
INTERJECTIONS
FICTIONAL PLACES
LAYING DOWN SOME R&B & HIP-HOP VOCALS
CHECK ONE TWO
    $200 2
dodgeball

Audrey
    $200 1
Deutsch

Rohan
    $200 10
ah

Audrey
    $200 22
Emerald City

Rohan
    $200 17
Drake

Audrey
    $200 30
the bush

Emma
    $400 5
checking

Rohan
    $400 3
the Baltic

Triple Stumper
    $400 11
hush

Rohan
    $400 26
Diagon Alley

Rohan
    $400 16
Cardi B

Rohan
    $400 29
Gemini

Rohan
    $600 6
American Ninja

Rohan
    $600 4
Mercedes

Rohan
    $600 12
boo hoo

Audrey
    $600 25
(Alex: Less than a minute now.)

Narnia

Audrey
    $600 18
Bruno Mars

Rohan
    $600 28
a unicorn

Rohan
    $800 7
square dancing

Emma
    $800 8
Autobahn

Rohan
    $800 14
voilà

Audrey
    $800 23
Gulliver

Emma
    $800 19
Kendrick Lamar

Triple Stumper
    $800 21
land and sea

Emma
    $1000 9
the shuttlecock

Rohan
    $1000 13
Hamburg

Audrey
    $1000 15
M-W-A-H

Audrey
    $2,000 24
utopia

Emma
    $1000 20
Khalid

Triple Stumper
    $1000 27
thermodynamics

Emma

Scores at the first commercial break (after clue 15):

Audrey Emma Rohan
$3,800 $800 $4,000

Scores at the end of the Jeopardy! Round:

Audrey Emma Rohan
$4,600 $5,600 $6,600

Double Jeopardy! Round responses

-OLOGIES
'TEENS IN HISTORY
THE ARTS
13- TO 17-LETTER WORDS
STATE FACTS
WHATCHA WATCHING?
    $400 3
geology

Emma
    $400 8
New Orleans

Audrey
    $400 11
"Hansel and Gretel"

Rohan
    $400 12
autobiographical

Rohan
    $400 2
Ohio

Rohan
    $400 20
Aladdin

Emma
    $800 4
meteorology

Emma
    $2,000 10
Genghis Khan

Emma
    $800 14
David

Emma
    $800 13
(Rohan: What is bloodcurling?)

bloodcurdling

EmmaRohan
    $800 1
the beaver

Audrey
    $800 26
(Alex: Less than a minute now.)

whales

Audrey
    $1200 5
bones

Emma
    $1200 16
Jamestown

Rohan
    $1200 15
Steerage

Emma
    $1200 17
Worcestershire sauce

Audrey
    $1200 9
Maine

Emma
    $1200 27
the Dallas Cowboys

Triple Stumper
    $1600 6
anthropology

Rohan
    $1600 22
Ponce de León

Rohan
    $1600 21
Swan Lake

Rohan
    $1600 24
electrocution

Emma
    $1600 18
Montana

Audrey
    $1600 28
Cirque du Soleil

Triple Stumper
    $2000 7
ichthyology

Emma
    $2000 23
Dolley Madison

Rohan
    $2000 25
(Rohan: Who is van Gogh?)

Rembrandt

AudreyRohan
    $2000 30
(Audrey: What is a vegetarian?)

a lactovegetarian

Audrey
Triple Stumper
    $3,000 19
Savannah

Audrey
    $2000 29
A Series of Unfortunate Events

Rohan

Scores at the end of the Double Jeopardy! Round:

Audrey Emma Rohan
$12,400 $18,000 $15,000

[wagering suggestions for these scores]

Final Jeopardy! Round responses

MAMMALS
AudreyWhat is ?
$12,400
RohanWhat is a river otter
$14,998
EmmaWhat is a honey badger?
$12,001
a honey badger

Final scores:

Audrey Emma Rohan
$0 $30,001 $2
3rd place: $10,000 Finalist 2nd place: $10,000

Game dynamics:

Coryat scores:

Audrey Emma Rohan
$11,400 $15,800 $15,000
15 R
(including 1 DD),
1 W
17 R
(including 2 DDs),
0 W
22 R,
2 W

Combined Coryat: $42,200

[game clues] [game scores] [suggest correction]

Game tape date: 2018-08-29
The J! Archive is created by fans, for fans. Scraping, republication, monetization, and malicious use prohibited; this site may use cookies and collect identifying information. See terms. The Jeopardy! game show and all elements thereof, including but not limited to copyright and trademark thereto, are the property of Jeopardy Productions, Inc. and are protected under law. This website is not affiliated with, sponsored by, or operated by Jeopardy Productions, Inc. Join the discussion at JBoard.tv.